<?xml version="1.0" encoding="UTF-8"?>
<marc:record xmlns:marc="http://www.loc.gov/MARC21/slim">
   <marc:leader>00000nam a2200000 a 4500</marc:leader>
   <marc:datafield ind1="1" ind2=" " tag="100">
      <marc:subfield code="a">Hevier Daniel</marc:subfield>
      <marc:subfield code="4">aut</marc:subfield>
      <marc:subfield code="e">Verfasser/-in</marc:subfield>
   </marc:datafield>
   <marc:datafield ind1=" " ind2=" " tag="653">
      <marc:subfield code="a">Kinderbuch</marc:subfield>
   </marc:datafield>
   <marc:datafield ind1="0" ind2="0" tag="245">
      <marc:subfield code="a">Nám sa ešte nechce spať</marc:subfield>
   </marc:datafield>
   <marc:datafield ind1="0" ind2="0" tag="245">
      <marc:subfield code="b">Kinderbuch</marc:subfield>
   </marc:datafield>
   <marc:datafield ind1="0" ind2="0" tag="245">
      <marc:subfield code="c">Hevier Daniel</marc:subfield>
   </marc:datafield>
   <marc:datafield ind1=" " ind2="1" tag="264">
      <marc:subfield code="a">Bratislava</marc:subfield>
      <marc:subfield code="b">BUVIK</marc:subfield>
      <marc:subfield code="c">2025</marc:subfield>
   </marc:datafield>
   <marc:datafield ind1=" " ind2=" " tag="250">
      <marc:subfield code="a">Štvrté vydanie</marc:subfield>
   </marc:datafield>
   <marc:datafield ind1="1" ind2=" " tag="520">
      <marc:subfield code="a">„Vám sa ešte nechce spať? Vidím, okále máte ako lampáše. Tak dobre, prečítame si ešte buvirozprávku, aby sa vám po nej sladko búvalo...“&#xD;
Podmanivé rozprávky Daniela Heviera – O sloníkovi, ktorý sa nechcel prikryť uchom, O vodníčkovi, ktorý nechcel spať pod ľadom, O králičkovi, ktorý nechcel spávať v kúzelníckom cylindri, O nezbednej sopke Popokatepetl, O palci, ktorý vyliezal spod periny... si svojím láskavým humorom získajú nielen deti, ale aj ich rodičov. Nám sa ešte nechce spať je prvou knihou zo série buvirozprávok s pôvabnými ilustráciami Ľuby Končekovej-Veselej.&#xD;
Rozprávky sú ideálne pre deti od troch rokov.</marc:subfield>
   </marc:datafield>
   <marc:datafield ind1=" " ind2=" " tag="020">
      <marc:subfield code="a">9788081241598</marc:subfield>
      <marc:subfield code="9">9788081241598</marc:subfield>
   </marc:datafield>
   <marc:datafield ind1=" " ind2=" " tag="338">
      <marc:subfield code="a">Band</marc:subfield>
   </marc:datafield>
   <marc:datafield ind1=" " ind2=" " tag="300">
      <marc:subfield code="a">57 Seiten</marc:subfield>
   </marc:datafield>
</marc:record>
